000 00270 a2200109 4500
000 nam a22 7a 4500
005 20260313151535.0
100 _aRatnoo, Saroj Dahiya
_91132042
245 _aEssentials of R for data analytics
260 _bWiley
_c2021
942 _cAUD
999 _c1715393
_d1715393